Statistics for Every Bad English song that hit the Billboard hot 100

Click here to take the quiz!

General Stats

  • This quiz has been taken 2 times
  • The average score is 4 of 6

Answer Stats

Peak Chart PositionYearSong% Correct
11989When I See You Smile
100%
661990Heaven Is A 4 Letter Word
100%
51990Price Of Love
50%
421991Straight To Your Heart
50%
451989Forget Me Not
50%
211990Possession
0%

Score Distribution

Percentile by Number Answered

Percent of People with Each Score

Your Score History

You have not taken this quiz